Caricamento...
Selection of oxidants in synthesis: Oxidation at the carbon atom /
| Autore principale: | |
|---|---|
| Natura: | Printed Book |
| Lingua: | English |
| Pubblicazione: |
New York :
Wiley,
1971.
|
| LEADER | 00487nam a2200133Ia 4500 | ||
|---|---|---|---|
| 008 | 150624b xxu||||| |||| 00| 0 eng d | ||
| 082 | |a 547.23 | ||
| 100 | |a Chinn, Leland J. | ||
| 245 | |a Selection of oxidants in synthesis: |b Oxidation at the carbon atom / |c Leland J. Chinn | ||
| 260 | |a New York : |b Wiley, |c 1971. | ||
| 300 | |a 191 p. | ||
| 942 | |c BK | ||
| 999 | |c 30687 |d 30687 | ||
| 952 | |0 0 |1 0 |4 0 |6 547_230000000000000_CHI_S |7 0 |9 30686 |a UL |b UL |c ST2 |d 1998-09-07 |l 0 |o 547.23 CHI/S |p 42194 |r 2012-10-27 |w 2012-10-27 |y BK | ||